| 000 | 01363nam a22002177a 4500 | ||
|---|---|---|---|
| 005 | 20211215102127.0 | ||
| 008 | 211215b ||||| |||| 00| 0 eng d | ||
| 040 | _cAL | ||
| 041 | _aeng | ||
| 082 |
_223 _a294.535 _bAURI |
||
| 100 |
_aAurobindo _911655 |
||
| 245 | _aImmortal India: Towards the Ideal Society | ||
| 260 |
_aAurovile: _bSri Aurobindo 124th British Anniversary Group., _c1997. |
||
| 300 |
_axxxvii,218 _bPB _c21x14 cm. |
||
| 520 | _aIn referring to ancient India Sri Aurobindo refers to a state of society that was a beginning of the ideal society. This book contains a selection of Sri Aurobindo's texts on the ethical and spiritual perfection inherent to the fulfillment of the four varnas (orders of society) and ashramas (stages of life) as they were lived in ancient India, land of the sanatana dharma. Individual perfection manifested also as svadharma, svabhava and adhikara: fulfilling, respectively, one's dharma, predisposition and spiritual urge. The reasons for the decline and the modes of resurgence of the soul and genius of India are also examined. The book includes an introduction, a summary and a Sanskrit glossary. | ||
| 650 |
_aThe Spiritual Heritage of India _911656 |
||
| 650 |
_aBhrat Mata The Guru of Nations _911657 |
||
| 650 |
_aVedanta and Bhagavadgita _911658 |
||
| 700 |
_aAUROBINDO _911659 |
||
| 942 |
_2ddc _cGF |
||
| 999 |
_c220947 _d220947 |
||